[Event "Chess24 Banter Blitz Cup"]
[Site "chess24.com INT"]
[Date "2019.12.23"]
[Round "2.3"]
[White "Robson, Ray"]
[Black "Bok, Benjamin"]
[Result "1-0"]
[WhiteTitle "GM"]
[BlackTitle "GM"]
[WhiteElo "2670"]
[BlackElo "2640"]
[WhiteFideId "2023970"]
[BlackFideId "1017063"]
[EventDate "2019.09.25"]
[EventType "blitz"]

1. e4 c5 2. Nf3 d6 3. d4 cxd4 4. Nxd4 Nf6 5. Nc3 a6 6. Be3 e5 7. Nb3 Be6 8. f3
Be7 9. Qd2 O-O 10. O-O-O Nbd7 11. g4 b5 12. g5 Nh5 13. Nd5 Bxd5 14. exd5 f6 15.
g6 hxg6 16. Na5 f5 17. Nc6 Qe8 18. Rg1 Bd8 19. Qb4 Nc5 20. Bxc5 dxc5 21. Qxc5
Kh7 22. d6 Bf6 23. d7 Qf7 24. Qd5 Qxd5 25. Rxd5 Nf4 26. Rd6 e4 27. fxe4 fxe4 28.
Rg3 g5 29. Re3 g4 30. Rxe4 Bg5 31. Kd1 g3 32. hxg3 Nh5 33. Bd3 Kh8 34. Re5 Bh6
35. Rxh5 1-0

[Event "Chess24 Banter Blitz Cup"]
[Site "chess24.com INT"]
[Date "2019.12.23"]
[Round "2.4"]
[White "Bok, Benjamin"]
[Black "Robson, Ray"]
[Result "1-0"]
[WhiteTitle "GM"]
[BlackTitle "GM"]
[WhiteElo "2640"]
[BlackElo "2670"]
[WhiteFideId "1017063"]
[BlackFideId "2023970"]
[EventDate "2019.09.25"]
[EventType "blitz"]

1. c4 c6 2. Nf3 d5 3. e3 Nf6 4. Nc3 e6 5. d4 Nbd7 6. Qc2 Bd6 7. b3 O-O 8. Be2 e5
9. cxd5 cxd5 10. Nb5 Bb4+ 11. Bd2 Bxd2+ 12. Nxd2 a6 13. dxe5 Nxe5 14. Nd4 Bg4
15. O-O Bxe2 16. Nxe2 Rc8 17. Qf5 Qe7 18. Rac1 Nc6 19. Nf3 Qe6 20. Ned4 Qxf5 21.
Nxf5 Rcd8 22. Rfd1 g6 23. N5d4 Nxd4 24. Nxd4 Rc8 25. f3 Rfe8 26. Kf2 Kf8 27. Ne2
h5 28. Nf4 Red8 29. Nd3 Ke7 30. Nc5 Rc7 31. Nd3 Rdc8 32. Rxc7+ Rxc7 33. Rd2 a5
34. h3 h4 35. Nf4 Rc5 36. Ne2 b6 37. Rb2 Rc7 38. Nd4 Nd7 39. b4 Ne5 40. Ke2 Rc1
41. bxa5 bxa5 42. Rb5 Rg1 43. Rxd5 Kf6 44. Kf2 Ra1 45. Rxa5 Nd3+ 46. Ke2 Nc1+
47. Kd2 Rxa2+ 48. Rxa2 Nxa2 49. Nc6 Ke6 50. Kc2 Kd6 51. Kb2 Kxc6 52. Kxa2 Kd5
53. Kb2 f5 54. Kc2 g5 55. Kd3 Ke5 56. Kd2 Kf6 57. e4 g4 58. Ke3 Ke5 59. f4+ Ke6
60. e5 1-0

[Event "Chess24 Banter Blitz Cup"]
[Site "chess24.com INT"]
[Date "2019.12.23"]
[Round "2.5"]
[White "Bok, Benjamin"]
[Black "Robson, Ray"]
[Result "1/2-1/2"]
[WhiteTitle "GM"]
[BlackTitle "GM"]
[WhiteElo "2640"]
[BlackElo "2670"]
[WhiteFideId "1017063"]
[BlackFideId "2023970"]
[EventDate "2019.09.25"]
[EventType "blitz"]

1. c4 e5 2. g3 Nc6 3. Bg2 Bc5 4. Nc3 d6 5. e4 Nge7 6. Nge2 O-O 7. O-O f5 8. d3
Ng6 9. exf5 Bxf5 10. Be3 Nd4 11. Bxd4 exd4 12. Nb5 c6 13. Nbxd4 Bg4 14. h3 Bxd4
15. hxg4 Qb6 16. Nxd4 Qxd4 17. Be4 Ne5 18. Kg2 d5 19. cxd5 cxd5 20. Qb3 Rad8 21.
Bf5 Nxg4 22. Qc3 Qxc3 23. Be6+ Kh8 24. bxc3 Nf6 25. a4 g6 26. Rfb1 Rfe8 27. Bh3
Re7 28. a5 Kg7 29. Rb3 Ne8 30. Rb5 Rc7 31. Rab1 b6 32. axb6 axb6 33. R1b3 Rd6
34. d4 Nf6 35. f3 h5 36. Rxb6 Rxb6 37. Rxb6 Rxc3 38. Rb7+ Kh6 39. Rb6 Kg7 40.
Rb7+ Kh6 41. Rb6 Rc2+ 42. Kg1 Kg7 43. Rb7+ Kh6 44. Rb6 Kg7 45. Rb7+ Kh6 46. Rb6 1/2-1/2

[Event "Chess24 Banter Blitz Cup"]
[Site "chess24.com INT"]
[Date "2019.12.23"]
[Round "2.6"]
[White "Robson, Ray"]
[Black "Bok, Benjamin"]
[Result "1-0"]
[WhiteTitle "GM"]
[BlackTitle "GM"]
[WhiteElo "2670"]
[BlackElo "2640"]
[WhiteFideId "2023970"]
[BlackFideId "1017063"]
[EventDate "2019.09.25"]
[EventType "blitz"]

1. e4 e5 2. Nf3 Nc6 3. Bb5 Nf6 4. d3 Bc5 5. Bxc6 dxc6 6. Nbd2 Be6 7. O-O Bd6 8.
Nb3 Bg4 9. Na5 Qc8 10. Bd2 O-O 11. Nc4 Nd7 12. Ne3 Bh5 13. g4 Bg6 14. Nh4 Nc5
15. Nef5 Ne6 16. Ng2 c5 17. h4 f6 18. h5 Bf7 19. f4 Qd8 20. Nxd6 Qxd6 21. h6 g6
22. f5 Nd4 23. Ne3 Rad8 24. g5 fxg5 25. Qg4 Kh8 26. Qxg5 Rg8 27. f6 c4 28. Rad1
cxd3 29. cxd3 Rge8 30. Bc3 c5 31. Ng4 b5 32. Kh2 b4 33. Be1 Ne2 34. Bg3 Nxg3 35.
Kxg3 Qe6 36. b3 Rd4 37. Rf5 Qd6 38. Rxe5 Rxd3+ 39. Rxd3 Qxd3+ 40. Kh4 Rd8 41.
Rd5 Bxd5 42. f7 Bxf7 43. Qf6+ Kg8 44. Qg7# 1-0

[Event "Chess24 Banter Blitz Cup"]
[Site "chess24.com INT"]
[Date "2019.12.23"]
[Round "2.7"]
[White "Bok, Benjamin"]
[Black "Robson, Ray"]
[Result "0-1"]
[WhiteTitle "GM"]
[BlackTitle "GM"]
[WhiteElo "2640"]
[BlackElo "2670"]
[WhiteFideId "1017063"]
[BlackFideId "2023970"]
[EventDate "2019.09.25"]
[EventType "blitz"]

1. c4 e5 2. g3 Nc6 3. Bg2 Bc5 4. Nc3 d6 5. e3 a6 6. Nge2 h5 7. d4 Ba7 8. Bxc6+
bxc6 9. dxe5 dxe5 10. Qxd8+ Kxd8 11. b3 Bg4 12. Ba3 f6 13. h3 Bf3 14. O-O-O+ Ke8
15. Rhg1 Ne7 16. Rd2 Nf5 17. g4 hxg4 18. hxg4 Nxe3 19. fxe3 Bxe3 20. Rg3 Rd8 21.
Rxf3 Rh1+ 22. Nd1 Rxd2 23. Rxe3 Rhxd1# 0-1

[Event "Chess24 Banter Blitz Cup"]
[Site "chess24.com INT"]
[Date "2019.12.23"]
[Round "2.8"]
[White "Robson, Ray"]
[Black "Bok, Benjamin"]
[Result "0-1"]
[WhiteTitle "GM"]
[BlackTitle "GM"]
[WhiteElo "2670"]
[BlackElo "2640"]
[WhiteFideId "2023970"]
[BlackFideId "1017063"]
[EventDate "2019.09.25"]
[EventType "blitz"]

1. e4 e5 2. Nf3 Nc6 3. Bb5 Nf6 4. d3 Bc5 5. Bxc6 dxc6 6. Nbd2 Be6 7. O-O Bd6 8.
Nb3 Bg4 9. Na5 Rb8 10. Bd2 O-O 11. Nc4 Nd7 12. Ne3 Be6 13. a4 c5 14. Bc3 b6 15.
Nd2 a6 16. Ndc4 b5 17. axb5 axb5 18. Nxd6 cxd6 19. f4 b4 20. Bd2 exf4 21. Rxf4
Ne5 22. b3 Ra8 23. Rf1 Qe7 24. Kh1 Nc6 25. Be1 Qg5 26. Bf2 Nd4 27. Rxa8 Rxa8 28.
Nc4 Bxc4 29. bxc4 h6 30. Bxd4 cxd4 31. Qf3 f6 32. Qf2 Ra2 33. Qxd4 Rxc2 34. Rg1
b3 35. Qxd6 b2 36. Qb8+ Kh7 37. h3 Qe3 38. Qb5 Qf2 39. Kh2 Rc1 40. Rxc1 bxc1=Q 0-1

[Event "Chess24 Banter Blitz Cup"]
[Site "chess24.com INT"]
[Date "2019.12.23"]
[Round "2.9"]
[White "Bok, Benjamin"]
[Black "Robson, Ray"]
[Result "1/2-1/2"]
[WhiteTitle "GM"]
[BlackTitle "GM"]
[WhiteElo "2640"]
[BlackElo "2670"]
[WhiteFideId "1017063"]
[BlackFideId "2023970"]
[EventDate "2019.09.25"]
[EventType "blitz"]

1. Nf3 d5 2. e3 c6 3. c4 Nf6 4. Nc3 e6 5. d4 Nbd7 6. Qc2 Bd6 7. b3 O-O 8. Be2 e5
9. cxd5 cxd5 10. Nb5 Bb4+ 11. Bd2 Bxd2+ 12. Nxd2 a6 13. dxe5 Nxe5 14. Nd4 Bg4
15. O-O Rc8 16. Qb2 Qd7 17. Bxg4 Nfxg4 18. h3 Nf6 19. N2f3 Nxf3+ 20. Nxf3 Rc7
21. Rac1 Rfc8 22. Nd4 h6 23. Rfd1 Qd6 24. Nf5 Qe6 25. Rxc7 Rxc7 26. Nd4 Qc8 27.
b4 Ne4 28. b5 Nc3 29. Re1 axb5 30. Nxb5 Nxb5 31. Qxb5 Rc1 32. Rxc1 Qxc1+ 33. Kh2
Qc7+ 34. g3 Qc2 35. Qe8+ Kh7 36. Qxf7 Qxa2 37. e4 b5 38. e5 Qc2 39. e6 Qg6 40.
h4 h5 41. Qd7 Qf5 42. Kg1 Qb1+ 43. Kg2 Qe4+ 44. Kh2 Qf5 45. Kg1 Qb1+ 46. Kg2
Qe4+ 47. Kh2 Qf5 1/2-1/2

[Event "Chess24 Banter Blitz Cup"]
[Site "chess24.com INT"]
[Date "2019.12.23"]
[Round "2.10"]
[White "Robson, Ray"]
[Black "Bok, Benjamin"]
[Result "1-0"]
[WhiteTitle "GM"]
[BlackTitle "GM"]
[WhiteElo "2670"]
[BlackElo "2640"]
[WhiteFideId "2023970"]
[BlackFideId "1017063"]
[EventDate "2019.09.25"]
[EventType "blitz"]

1. e4 e5 2. Nf3 Nc6 3. Bb5 Nf6 4. d3 Bc5 5. Bxc6 dxc6 6. Nbd2 Be6 7. O-O Bd6 8.
Nb3 Bg4 9. Na5 Rb8 10. Bd2 O-O 11. h3 Bh5 12. Nc4 Nd7 13. Ne3 f5 14. exf5 Nc5
15. g4 Bf7 16. Bc3 e4 17. dxe4 Nxe4 18. Qd4 Nxc3 19. Qxc3 Qe7 20. a3 Qe4 21. Kg2
c5 22. Qd3 Qc6 23. c4 b5 24. b3 bxc4 25. bxc4 Qa4 26. Rab1 h6 27. Nd5 Kh8 28. f6
g5 29. h4 Qd7 30. Ne3 Qe6 31. hxg5 Bf4 32. Rh1 h5 33. g6 Bxe3 34. Rxh5+ Kg8 35.
gxf7+ Kxf7 36. Qh7+ Ke8 37. Rxb8+ 1-0

[Event "Chess24 Banter Blitz Cup"]
[Site "chess24.com INT"]
[Date "2019.12.23"]
[Round "2.11"]
[White "Bok, Benjamin"]
[Black "Robson, Ray"]
[Result "0-1"]
[WhiteTitle "GM"]
[BlackTitle "GM"]
[WhiteElo "2640"]
[BlackElo "2670"]
[WhiteFideId "1017063"]
[BlackFideId "2023970"]
[EventDate "2019.09.25"]
[EventType "blitz"]

1. c4 e5 2. g3 Nc6 3. Bg2 Bc5 4. Nc3 d6 5. e3 a6 6. Nge2 h5 7. d4 Ba7 8. h3 h4
9. g4 f5 10. d5 Nb8 11. gxf5 Bxf5 12. Be4 Nh6 13. Bxf5 Nxf5 14. Qc2 Rf8 15. Bd2
Nd7 16. O-O-O Qe7 17. Rdg1 O-O-O 18. Ne4 Nc5 19. Ng5 Ng3 20. fxg3 Qxg5 21. gxh4
Qxh4 22. b4 Nd7 23. Rg4 Qf2 24. Ng3 Bxe3 25. Ne4 Bxd2+ 26. Qxd2 Qf3 27. Rhg1 Nf6
28. Nxf6 Rxf6 29. Rxg7 Qxh3 30. Kb1 Rf1+ 31. Kb2 Rdf8 32. Rxf1 Qxf1 33. Qh6 Rf2+
34. Ka3 Qd3+ 35. Ka4 Rxa2# 0-1

[Event "Chess24 Banter Blitz Cup"]
[Site "chess24.com INT"]
[Date "2019.12.23"]
[Round "2.12"]
[White "Robson, Ray"]
[Black "Bok, Benjamin"]
[Result "1/2-1/2"]
[WhiteTitle "GM"]
[BlackTitle "GM"]
[WhiteElo "2670"]
[BlackElo "2640"]
[WhiteFideId "2023970"]
[BlackFideId "1017063"]
[EventDate "2019.09.25"]
[EventType "blitz"]

1. e4 e5 2. Nf3 Nc6 3. Bb5 Nf6 4. d3 Bc5 5. Bxc6 dxc6 6. Nbd2 Be6 7. O-O Bd6 8.
Nb3 Bg4 9. Na5 Rb8 10. Bd2 O-O 11. h3 Bh5 12. Nc4 Nd7 13. Ne3 f6 14. Nf5 b5 15.
Ng3 Bf7 16. Nh4 g6 17. Bh6 Re8 18. Qd2 c5 19. Nf3 Qe7 20. Nh2 c4 21. f4 cxd3 22.
cxd3 exf4 23. Bxf4 Bxf4 24. Rxf4 Ne5 25. d4 Rbd8 26. b3 Rd7 27. Raf1 Red8 28. d5
Rd6 29. Ng4 Nxg4 30. Rxg4 Kh8 31. Qc3 c6 32. dxc6 Rc8 33. Rgf4 Rdxc6 34. Qf3 Kg7
35. Qg4 Kh8 36. Qf3 Kg7 37. Qg4 Kh8 38. Qf3 1/2-1/2

[Event "Chess24 Banter Blitz Cup"]
[Site "chess24.com INT"]
[Date "2019.12.23"]
[Round "2.13"]
[White "Bok, Benjamin"]
[Black "Robson, Ray"]
[Result "1/2-1/2"]
[WhiteTitle "GM"]
[BlackTitle "GM"]
[WhiteElo "2640"]
[BlackElo "2670"]
[WhiteFideId "1017063"]
[BlackFideId "2023970"]
[EventDate "2019.09.25"]
[EventType "blitz"]

1. Nf3 d5 2. g3 Nf6 3. Bg2 g6 4. c4 c6 5. b3 Bg7 6. Bb2 O-O 7. O-O a5 8. Nc3 Bf5
9. d3 Na6 10. Rc1 Re8 11. cxd5 Nxd5 12. Qd2 Nxc3 13. Bxc3 Bxc3 14. Qxc3 Qd6 15.
Nd2 Nb4 16. Qa1 e5 17. a3 Na6 18. Nc4 Qc7 19. Qc3 Nc5 20. Ne3 Ne6 21. Nxf5 gxf5
22. e3 Qd6 23. b4 axb4 24. axb4 f4 25. Qc4 Ra3 26. Rc3 Rea8 27. Rfc1 Kg7 28. b5
cxb5 29. Qxb5 Rxc3 30. Rxc3 Ra1+ 31. Bf1 Ng5 32. Qxb7 e4 33. Rc6 Qa3 34. exf4
Rxf1+ 35. Kxf1 Qxd3+ 36. Kg1 Qd1+ 37. Kg2 Qf3+ 38. Kf1 Qd1+ 39. Kg2 Qf3+ 40. Kf1
Qd1+ 41. Kg2 1/2-1/2

[Event "Chess24 Banter Blitz Cup"]
[Site "chess24.com INT"]
[Date "2019.12.23"]
[Round "2.14"]
[White "Robson, Ray"]
[Black "Bok, Benjamin"]
[Result "1-0"]
[WhiteTitle "GM"]
[BlackTitle "GM"]
[WhiteElo "2670"]
[BlackElo "2640"]
[WhiteFideId "2023970"]
[BlackFideId "1017063"]
[EventDate "2019.09.25"]
[EventType "blitz"]

1. e4 c5 2. Nf3 d6 3. d4 cxd4 4. Nxd4 Nf6 5. Nc3 a6 6. Be3 e5 7. Nb3 Be6 8. f3
h5 9. Qd2 Nbd7 10. Nd5 Bxd5 11. exd5 g6 12. O-O-O Bg7 13. Kb1 Rc8 14. Be2 Nb6
15. Na5 Qc7 16. c4 Nbd7 17. h4 e4 18. Bd4 O-O 19. Rc1 Rfe8 20. Rhe1 Ne5 21. Qb4
exf3 22. gxf3 Nfd7 23. Nb3 Nc5 24. Qc3 Bh6 25. Rcd1 Nxb3 26. axb3 b5 27. Bf1 Qd7
28. Bxe5 dxe5 29. c5 Qf5+ 30. Ka2 Bg7 31. c6 e4 32. Qc2 Qxf3 33. d6 Red8 34. c7
Rd7 35. Rxe4 Qf6 36. Bh3 Rdxc7 37. dxc7 Rxc7 38. Qe2 b4 39. Kb1 Rc5 40. Rf1 Qd6
41. Rc4 Re5 42. Qc2 Rd5 43. Rf2 Rd1+ 44. Ka2 Qd5 45. Rc8+ Kh7 46. Rc5 Qd8 47.
Bf5 Qd4 48. Bxg6+ 1-0

[Event "Chess24 Banter Blitz Cup"]
[Site "chess24.com INT"]
[Date "2019.12.23"]
[Round "2.1"]
[White "Fressinet, Laurent"]
[Black "Guseinov, Gadir"]
[Result "1-0"]
[WhiteTitle "GM"]
[BlackTitle "GM"]
[WhiteElo "2633"]
[BlackElo "2660"]
[WhiteFideId "608742"]
[BlackFideId "13401378"]
[EventDate "2019.09.25"]
[EventType "blitz"]

1. e4 c5 2. Nf3 g6 3. c3 d5 4. e5 Nc6 5. d4 cxd4 6. cxd4 Bg4 7. Nbd2 Qa5 8. Qb3
Qb4 9. Bb5 Qxb3 10. Bxc6+ bxc6 11. axb3 e6 12. h3 Bxf3 13. Nxf3 c5 14. Be3 cxd4
15. Nxd4 Kd7 16. Ke2 Ne7 17. Rhc1 Bg7 18. f4 f6 19. Ra6 fxe5 20. Nxe6 Bf6 21.
Nc5+ 1-0

[Event "Chess24 Banter Blitz Cup"]
[Site "chess24.com INT"]
[Date "2019.12.23"]
[Round "2.2"]
[White "Guseinov, Gadir"]
[Black "Fressinet, Laurent"]
[Result "1-0"]
[WhiteTitle "GM"]
[BlackTitle "GM"]
[WhiteElo "2660"]
[BlackElo "2633"]
[WhiteFideId "13401378"]
[BlackFideId "608742"]
[EventDate "2019.09.25"]
[EventType "blitz"]

1. e4 e5 2. Nf3 Nc6 3. Bb5 a6 4. Bxc6 dxc6 5. O-O Bd6 6. d4 exd4 7. Qxd4 f6 8.
Be3 Ne7 9. Nbd2 Be6 10. Rfd1 Ng6 11. Qc3 Qe7 12. a3 O-O-O 13. Nd4 Be5 14. N2f3
Bg4 15. Nxc6 bxc6 16. Qxc6 Rd6 17. Qa8+ Kd7 18. Qxa6 Bxf3 19. gxf3 Rb8 20. Bc5
Ke8 21. Bxd6 Bxd6 22. Qc4 Kf8 23. Rd5 Nf4 24. Rb5 Rd8 25. Rd1 Qe8 26. Kf1 Qg6
27. e5 fxe5 28. Rxe5 Qf6 29. Re4 g5 30. Qd4 Kg7 31. Qxf6+ Kxf6 32. b4 Ra8 33.
Re3 h5 34. c4 Ng6 35. c5 Bxh2 36. b5 Bf4 37. Rb3 h4 38. b6 cxb6 39. cxb6 h3 40.
b7 Rb8 41. a4 Nh4 42. Ke2 h2 43. a5 Rd8 44. Rbd3 Rh8 45. a6 Nf5 46. a7 Re8+ 47.
Re3 Nxe3 48. a8=Q Nxd1+ 49. Qxe8 Nc3+ 50. Kd3 h1=Q 51. Qf8+ Kg6 52. Qg8+ Kf6 53.
Qf8+ Kg6 54. Qxf4 gxf4 55. b8=Q 1-0

[Event "Chess24 Banter Blitz Cup"]
[Site "chess24.com INT"]
[Date "2019.12.23"]
[Round "2.3"]
[White "Fressinet, Laurent"]
[Black "Guseinov, Gadir"]
[Result "1-0"]
[WhiteTitle "GM"]
[BlackTitle "GM"]
[WhiteElo "2633"]
[BlackElo "2660"]
[WhiteFideId "608742"]
[BlackFideId "13401378"]
[EventDate "2019.09.25"]
[EventType "blitz"]

1. e4 c5 2. Nf3 Nc6 3. Bb5 d6 4. O-O Bd7 5. Re1 Nf6 6. c3 a6 7. Ba4 b5 8. Bc2 g6
9. d4 cxd4 10. cxd4 Bg7 11. Nc3 Bg4 12. Be3 Nd7 13. Bb3 O-O 14. Rc1 Rc8 15. Bd5
Bxf3 16. gxf3 e5 17. Bxc6 Rxc6 18. d5 Rc8 19. a4 b4 20. Na2 a5 21. Rxc8 Qxc8 22.
Nc1 f5 23. Nb3 fxe4 24. fxe4 Qc4 25. f3 Rxf3 26. Qxf3 Qxb3 27. Rf1 Nf6 28. Bg5
Qxf3 29. Rxf3 Nxe4 30. Bd8 Nc5 31. Bxa5 e4 32. Rf1 b3 33. Bc7 Nxa4 34. Bxd6 Nxb2
35. Bc7 Nc4 36. d6 Bd4+ 37. Kh1 Be5 38. Rd1 b2 39. Rb1 Nd2 40. d7 Bxc7 41. Rxb2
e3 42. Rb8+ Kf7 43. d8=Q Bxd8 44. Rxd8 Nf3 45. Rd3 e2 46. Rxf3+ Kg7 47. Re3
e1=Q+ 48. Rxe1 Kh6 49. Kg2 Kh5 50. Re3 g5 51. h3 h6 52. Kg3 Kg6 53. Re6+ Kh5 54.
Ra6 g4 55. Ra5+ Kg6 56. Kxg4 Kg7 57. h4 Kf7 58. h5 Ke7 59. Kf5 1-0

[Event "Chess24 Banter Blitz Cup"]
[Site "chess24.com INT"]
[Date "2019.12.23"]
[Round "2.4"]
[White "Guseinov, Gadir"]
[Black "Fressinet, Laurent"]
[Result "0-1"]
[WhiteTitle "GM"]
[BlackTitle "GM"]
[WhiteElo "2660"]
[BlackElo "2633"]
[WhiteFideId "13401378"]
[BlackFideId "608742"]
[EventDate "2019.09.25"]
[EventType "blitz"]

1. e4 e5 2. Nf3 Nc6 3. Bb5 a6 4. Bxc6 dxc6 5. O-O Bd6 6. d4 exd4 7. Qxd4 f6 8.
Be3 Ne7 9. Nbd2 Be6 10. Rad1 Ng6 11. Qc3 Qd7 12. Nd4 O-O-O 13. f4 Bxf4 14. N2b3
Bxe3+ 15. Qxe3 Bxb3 16. Nxb3 Qxd1 17. Rxd1 Rxd1+ 18. Kf2 Kb8 19. Nc5 Ne5 20. Qb3
b6 21. Nxa6+ Kc8 22. a4 Rhd8 23. a5 Ra1 24. Nxc7 Kxc7 25. Qxb6+ Kd7 26. a6 Rc8
27. a7 Rc7 28. Qd4+ Kc8 29. h3 Raxa7 30. Kg3 Rd7 31. Qc5 Rab7 32. b4 Rb5 33.
Qf8+ Kc7 34. Kh2 Rb8 35. Qc5 Rbd8 36. b5 Kb7 37. c4 cxb5 38. Qxb5+ Kc7 39. c5
Rd2 40. Qa5+ Kc6 41. h4 R8d3 42. Qb6+ Kd7 43. c6+ Ke8 44. c7 Ng4+ 45. Kh1 Rd1+
46. Qg1 Rxg1+ 47. Kxg1 Rd1# 0-1

[Event "Chess24 Banter Blitz Cup"]
[Site "chess24.com INT"]
[Date "2019.12.23"]
[Round "2.5"]
[White "Fressinet, Laurent"]
[Black "Guseinov, Gadir"]
[Result "0-1"]
[WhiteTitle "GM"]
[BlackTitle "GM"]
[WhiteElo "2633"]
[BlackElo "2660"]
[WhiteFideId "608742"]
[BlackFideId "13401378"]
[EventDate "2019.09.25"]
[EventType "blitz"]

1. e4 c5 2. Nf3 Nc6 3. Bb5 d6 4. O-O Bd7 5. Re1 Nf6 6. c3 a6 7. Ba4 b5 8. Bc2 g6
9. d4 cxd4 10. cxd4 Bg7 11. d5 Nb4 12. Bb3 a5 13. a3 Na6 14. Nc3 b4 15. axb4
axb4 16. Ne2 Nc5 17. Rxa8 Qxa8 18. Ned4 Nfxe4 19. Ng5 Nxg5 20. Bxg5 O-O 21. Bc4
Bf6 22. h4 h5 23. Rxe7 Bxe7 24. Bxe7 Re8 25. Bxd6 Ne4 26. Bf4 Qa4 27. Bb3 Qa7
28. Be3 Qc7 29. Qf3 Qe5 30. Qd1 Qe7 31. Nf3 Bg4 32. Qd4 Qf6 33. Qxf6 Nxf6 34.
Ng5 Ne4 35. d6 Nxg5 36. hxg5 Bd7 37. Kf1 Rc8 38. Ke2 Kf8 39. g3 Ke8 40. Kd2 Rc6
41. Bf4 Rc5 42. Bc2 Bc6 43. Bd3 Kd7 44. b3 Bb5 45. Be4 Bc6 46. Bd3 Bb5 47. Be4
Ba6 48. f3 Bb5 49. Be3 Re5 50. Bf4 Re8 51. Bd5 Rf8 52. Ke3 Bc6 53. Bc4 Re8+ 54.
Kd4 Rf8 55. Kc5 Rc8 56. Kxb4 Bxf3 57. Kc3 Rb8 58. Kd4 Rc8 59. Bxf7 Bc6 60. Bxg6
Re8 0-1

[Event "Chess24 Banter Blitz Cup"]
[Site "chess24.com INT"]
[Date "2019.12.23"]
[Round "2.6"]
[White "Guseinov, Gadir"]
[Black "Fressinet, Laurent"]
[Result "1-0"]
[WhiteTitle "GM"]
[BlackTitle "GM"]
[WhiteElo "2660"]
[BlackElo "2633"]
[WhiteFideId "13401378"]
[BlackFideId "608742"]
[EventDate "2019.09.25"]
[EventType "blitz"]

1. e4 e5 2. Nf3 Nc6 3. Bb5 a6 4. Ba4 Nf6 5. O-O b5 6. Bb3 Bc5 7. a4 Rb8 8. c3 d6
9. d4 Bb6 10. a5 Ba7 11. Be3 O-O 12. Re1 Bg4 13. d5 Bxe3 14. Rxe3 Ne7 15. h3 Bh5
16. Nbd2 Nd7 17. Bc2 Bg6 18. Re1 h6 19. Nh4 Bh7 20. g3 g5 21. Ng2 f5 22. exf5
Bxf5 23. Bxf5 Nxf5 24. Ne4 Nf6 25. Qd3 Nxe4 26. Qxe4 Qf6 27. Re2 Rf7 28. b4 Rbf8
29. Raa2 Ne7 30. Rad2 Qf3 31. Qxf3 Rxf3 32. Ne3 Nf5 33. Nxf5 R8xf5 34. Rc2 Rd3
35. c4 bxc4 36. Rxc4 Rf7 37. Rc6 Rxd5 38. Rxa6 Rb5 39. Ra8+ Kg7 40. a6 c5 41. a7
Kf6 42. Rb8 1-0

[Event "Chess24 Banter Blitz Cup"]
[Site "chess24.com INT"]
[Date "2019.12.23"]
[Round "2.7"]
[White "Fressinet, Laurent"]
[Black "Guseinov, Gadir"]
[Result "0-1"]
[WhiteTitle "GM"]
[BlackTitle "GM"]
[WhiteElo "2633"]
[BlackElo "2660"]
[WhiteFideId "608742"]
[BlackFideId "13401378"]
[EventDate "2019.09.25"]
[EventType "blitz"]

1. Nf3 g6 2. d4 Bg7 3. e4 d6 4. Nc3 Nf6 5. Be3 O-O 6. Qd2 c6 7. Bh6 b5 8. Bd3 b4
9. Ne2 c5 10. dxc5 dxc5 11. Bxg7 Kxg7 12. e5 Nd5 13. h4 h5 14. O-O-O Bb7 15. Be4
e6 16. Nf4 a5 17. Ng5 Qe7 18. Rh3 Nxf4 19. Qxf4 Bxe4 20. Nxe4 Nc6 21. Nf6 Rfd8
22. Nxh5+ gxh5 23. Rg3+ Kh7 24. Qe4+ Kh8 25. Qxc6 Rxd1+ 26. Kxd1 Rd8+ 27. Rd3
Rxd3+ 28. cxd3 Qxh4 29. Qxc5 Qh1+ 30. Ke2 Kg7 31. g3 Qb1 32. Qd4 Qxa2 33. g4 h4
34. Kf3 Qd5+ 35. Qxd5 exd5 36. Ke3 a4 0-1

[Event "Chess24 Banter Blitz Cup"]
[Site "chess24.com INT"]
[Date "2019.12.23"]
[Round "2.8"]
[White "Guseinov, Gadir"]
[Black "Fressinet, Laurent"]
[Result "1/2-1/2"]
[WhiteTitle "GM"]
[BlackTitle "GM"]
[WhiteElo "2660"]
[BlackElo "2633"]
[WhiteFideId "13401378"]
[BlackFideId "608742"]
[EventDate "2019.09.25"]
[EventType "blitz"]

1. e4 e5 2. Nf3 Nc6 3. Bb5 a6 4. Bxc6 dxc6 5. O-O Bd6 6. d4 exd4 7. Qxd4 f6 8.
Be3 Ne7 9. Nbd2 Be6 10. Rad1 Ng6 11. Qc3 Qd7 12. Nd4 O-O-O 13. Nxe6 Qxe6 14. Qb3
Qxb3 15. axb3 h5 16. f3 Rd7 17. Nc4 Rhd8 18. Nxd6+ Rxd6 19. Rxd6 cxd6 20. Kf2 d5
21. exd5 Rxd5 22. g3 Ne7 23. h3 Nf5 24. g4 Nxe3 25. Kxe3 Re5+ 26. Kd3 Rd5+ 27.
Ke3 Re5+ 28. Kd3 Rd5+ 29. Ke3 1/2-1/2

[Event "Chess24 Banter Blitz Cup"]
[Site "chess24.com INT"]
[Date "2019.12.23"]
[Round "2.9"]
[White "Fressinet, Laurent"]
[Black "Guseinov, Gadir"]
[Result "1-0"]
[WhiteTitle "GM"]
[BlackTitle "GM"]
[WhiteElo "2633"]
[BlackElo "2660"]
[WhiteFideId "608742"]
[BlackFideId "13401378"]
[EventDate "2019.09.25"]
[EventType "blitz"]

1. Nf3 g6 2. d4 Nf6 3. Bg5 Bg7 4. Nbd2 d6 5. c3 O-O 6. e4 Nbd7 7. Bc4 e5 8. O-O
Qe7 9. Re1 Rb8 10. a4 b6 11. a5 b5 12. Bb3 a6 13. Nf1 h6 14. Bd2 Bb7 15. Ng3 c5
16. d5 c4 17. Bc2 Nc5 18. h3 Kh7 19. Be3 Rbc8 20. Nh2 Rc7 21. Ng4 Ng8 22. Qd2
Bc8 23. Nh2 Nd3 24. Bxd3 cxd3 25. Qxd3 f5 26. exf5 gxf5 27. f4 e4 28. Qd2 Nf6
29. Bd4 Qf7 30. Nhf1 Nxd5 31. Bxg7 Kxg7 32. Rad1 Be6 33. Ne3 Nxe3 34. Qxe3 d5
35. Ne2 Kh7 36. Kh2 Rg8 37. Nd4 Qf6 38. Rg1 Rcg7 39. g3 h5 40. Rg2 Bf7 41. Rdg1
Be8 42. Ne2 h4 43. Nd4 Bd7 44. Qe2 hxg3+ 45. Rxg3 Qh4 46. Qf2 Kh8 47. R1g2 Rxg3
48. Rxg3 Rxg3 49. Qxg3 Qh5 50. h4 Qd1 51. Qf2 Qc1 52. Nb3 Qd1 53. Qd4+ Qxd4 54.
cxd4 Kh7 55. Kg3 Kg6 56. Nc5 Bc8 57. Nb3 Kh5 58. Nc1 Kg6 59. Na2 Kh5 60. Nb4 Bb7
61. b3 Kg6 62. Kf2 Kh5 63. Kg3 Kg6 64. Nc2 Kh5 65. Ne3 Kg6 66. Kf2 Bc6 67. h5+
Kxh5 68. Nxf5 Kg4 69. Ne7 Bb7 70. f5 Kg5 71. Ke3 Kf6 72. Ng6 Kxf5 73. Nf4 Kf6
74. Ne2 Ke7 75. Nc1 Kd6 76. Na2 Bc6 77. Nb4 Bb7 78. Nc2 Bc8 79. Ne1 Bb7 80. Ng2
Bc8 81. Nf4 Bb7 82. Ng6 Bc8 83. Nh4 Bb7 84. Ng2 Bc8 85. Ne1 Kc7 86. Nc2 Kc6 87.
Nb4+ 1-0